Catálogo

LA INTELIGENCIA ¨QUE COSA ES? (Registro nro. 33262)

Detalles MARC
000 -LEADER
fixed length control field 00513nam a2200181 a 4500
001 - CONTROL NUMBER
control field 33262
005 - DATE AND TIME OF LATEST TRANSACTION
control field 20180714001138.0
008 - FIXED-LENGTH DATA ELEMENTS--GENERAL INFORMATION
fixed length control field 140415s1977 mx 000 0 spa d
041 ## - LANGUAGE CODE
Language code of text/sound track or separate title spa
082 ## - DEWEY DECIMAL CLASSIFICATION NUMBER
Classification number 153.9
Item number COH
100 1# - MAIN ENTRY--PERSONAL NAME
Personal name COHEN, DANIEL
245 13 - TITLE STATEMENT
Title LA INTELIGENCIA ¨QUE COSA ES?
250 ## - EDITION STATEMENT
Edition statement 1a ed.
260 ## - PUBLICATION, DISTRIBUTION, ETC.
Place of publication, distribution, etc. MEXICO :
Name of publisher, distributor, etc. DIANA,
Date of publication, distribution, etc. 1977
300 ## - PHYSICAL DESCRIPTION
Extent 186
650 14 - SUBJECT ADDED ENTRY--TOPICAL TERM
Topical term or geographic name entry element ANIMALES
General subdivision INTELIGENCIA INSTINTO
-- INTELIGENCIA
-- PRUEBAS DE INTELIGENCIA
700 1# - ADDED ENTRY--PERSONAL NAME
Personal name VAZQUEZ VAZQUEZ, JAIME
Relator term tr.
Existencias
Withdrawn status Lost status Source of classification or shelving scheme Damaged status Not for loan Collection code Home library Current library Shelving location Date acquired Source of acquisition Inventory number Total Checkouts Full call number Barcode Date last seen Price effective from Koha item type
    Dewey Decimal Classification     General Biblioteca Karol Wojtyla Biblioteca Karol Wojtyla Sala general 03/12/2013 Compra 151000000000000000064346   153.9 COH 50829 05/01/2026 03/12/2013 Libro